Atlas infantil: O MUNDO (Registo nº 6154)
[ vista simples ]
| 000 -Etiqueta do registo | |
|---|---|
| Valores | 01341nam a2200229 4500 |
| 010 ## - Número ISBN | |
| ISBN | 9783896009760 |
| 021 ## - Número do Depósito Legal | |
| Número | 24/11976 |
| 100 ## - Dados gerais de processamento | |
| Dados gerais | 20260512d2012 u||y0pory50 ba |
| 200 ## - Titulo e menção de responsabilidade | |
| Título próprio | Atlas infantil: O MUNDO |
| Primeira menção de responsabilidade | Michael Hahn |
| 210 ## - Publicação | |
| Local de publicação | Colónia, Alemanha |
| Nome do editor | Schwager & Steinlein |
| Data de publicação | [2012?] |
| 215 ## - Descrição física | |
| Paginação / Volumes | 43 p. |
| Outras indicações físicas | il. |
| 330 ## - Sumário ou Resumo | |
| Texto da nota | Uma viagem à volta do Mundo - quem é que ainda não sonhou com uma aventura destas? Este livro permite que o sonho se torne realidade para os leitores mais pequenos. Viajando por 15 mapas coloridos, poderão visitar os locais mais fascinantes do Mundo e aprender muito sobre cada continente. Cada mapa contém ilustrações pormenorizadas, apresentando às crianças os principais monumentos, os símbolos típicos das cidades ou paisagens, bem como as particularidades geográficas dos respetivos países e regiões. O livro inclui igualmente textos introdutórios com muitas informações fascinantes, para além de apresentar às crianças as bandeiras de cada país representado e diversas personalidades históricas. |
| 606 ## - Nome comum usado como assunto | |
| ID Autoridade | 804 |
| Palavra de ordem | Publicação para jovens |
| 606 ## - Nome comum usado como assunto | |
| ID Autoridade | 820 |
| Palavra de ordem | Geografia |
| 675 ## - CDU | |
| Notação | 087.5 |
| Edição | BN |
| Língua | por |
| 675 ## - CDU | |
| Notação | 912(084.4)(0.053.5) |
| Edição | BN |
| Língua | por |
| 700 ## - Autor principal (pessoa individual) | |
| ID Autoridade | 5820 |
| Apelido | Hahn |
| Nome | Michael |
| 801 ## - Fonte de origem | |
| País | PT |
| Agência | BMVN |
| Regras de catalogação | RPC |
| 830 ## - Notas gerais do catalogador | |
| Criado por | Inês Silva |
| Data de criação | 12/05/2026 |
| 990 ## - Elementos KOHA | |
| Tipo de documento | Livro |
| Situação do levantamento | Biblioteca de origem | Código de barras | Cota | Permissão de empréstimo | Tipo de documento | Forma de aquisição |
|---|---|---|---|---|---|---|
| Biblioteca Municipal de Vendas Novas | 100000014974 | PL HAH/ATL | Livro |